[Event "Asti Alfieri Memorial 3rd"]
[Site "Asti"]
[Date "2008.03.29"]
[Round "4"]
[White "Muscato, Alessandro"]
[Black "Monticone, Sonia"]
[Result "1/2-1/2"]
[WhiteElo "2002"]
[BlackElo "1757"]
[PlyCount "60"]
[EventDate "2008.03.27"]
[EventType "swiss"]
[EventRounds "6"]
[EventCountry "ITA"]
[SourceTitle "EXT 2011"]
[Source "ChessBase"]
[SourceDate "2010.11.26"]
[SourceVersion "1"]
[SourceVersionDate "2010.11.26"]
[SourceQuality "1"]

1. e4 c5 2. b4 cxb4 3. d4 d5 4. exd5 Nf6 5. Bb5+ Bd7 6. Bc4 Bf5 7. Bb5+ Bd7 8. Bc4 Bf5 9. a3 Be4 10. Nf3 Bxd5 11. Bxd5 Nxd5 12. axb4 e6 13. c3 Be7 14. 0-0 0-0 15. Qd3 Nd7 16. Nbd2 Qc7 17. Ne4 N7f6 18. Nxf6+ Bxf6 19. Bd2 Qd6 20. g3 a6 21. b5 axb5 22. Qxb5 b6 23. Rab1 Rfc8 24. Rb3 Ra3 25. Rfb1 Nxc3 26. Bxc3 Rxc3 27. Rxa3 Rxa3 28. Qxb6 Qxb6 29. Rxb6 g6 30. Kg2 Rd3 1/2-1/2

[Event "Torino Epifania op"]
[Site "Torino"]
[Date "2005.01.??"]
[Round "2"]
[White "Muscato, Alessandro"]
[Black "Napoli, Claudio"]
[Result "1-0"]
[WhiteElo "1874"]
[BlackElo "1760"]
[PlyCount "73"]
[EventDate "2005.01.??"]
[EventType "swiss"]
[EventRounds "7"]
[EventCountry "ITA"]
[SourceTitle "EXT 2024"]
[Source "ChessBase"]
[SourceDate "2023.10.10"]
[SourceVersion "1"]
[SourceVersionDate "2023.10.10"]
[SourceQuality "1"]

1. e4 d6 2. Bc4 Nf6 3. Nc3 c6 4. d4 Qa5 5. Bd2 Qb6 6. Bc1 Qb4 7. Qd3 d5 8. exd5 cxd5 9. Bb5+ Nc6 10. a3 Qa5 11. Nf3 e6 12. Ne5 Qc7 13. Bg5 Be7 14. f3 0-0 15. Bxc6 bxc6 16. h4 c5 17. Nb5 Qb8 18. Nc6 Qg3+ 19. Kf1 Ba6 20. Rh3 Bxb5 21. Nxe7+ Kh8 22. Rxg3 Bxd3+ 23. cxd3 Nh5 24. Rh3 cxd4 25. Rc1 Rfe8 26. Rc7 f6 27. g4 fxg5 28. gxh5 g4 29. fxg4 Rf8+ 30. Ke2 Rf4 31. g5 Raf8 32. Rh2 a5 33. h6 Rb8 34. hxg7+ Kxg7 35. Nc6+ Rf7 36. Rxf7+ Kxf7 37. Rf2+ 1-0